| 000 | 00888nam a2200193 i 4500 | ||
|---|---|---|---|
| 001 | 153834 | ||
| 003 | ES-MaACL | ||
| 005 | 20250905063051.0 | ||
| 008 | 010309s1882 sp |||| | spa d | ||
| 040 |
_aCCPB | B _bspa _cCCPB | B |
||
| 100 | 1 |
_aMartínez Pacheco, Modesto, _d1838-1898 _9129634 |
|
| 245 | 1 | 0 | _aDiscusión parlamentaria de la enmienda presentada por el diputado a Córtes D. Modesto Martínez Pacheco al "Proyecto de Ley sobre reforma de la actual organizacion del Ejército". |
| 260 |
_aMadrid : _bLa Gaceta de Sanidad Militar, _c1882 ( _fImprenta de A. Gómez Fuentenebro) |
||
| 300 |
_a47 p. ; _c25 cm. |
||
| 500 | _aSeparata de "La Gaceta Sanidad Militar", 25 de junio de 1882. | ||
| 650 | 0 | 4 |
_aEjército- _zEspaña. _912134 |
| 852 |
_aES-MaACL _jT-505-F-2 _z- Enc. hol., conservando la cub. original _z- Enc. en un vol. facticio |
||
| 999 |
_c153834 _d153834 |
||